000 00486nam a22001457a 4500
008 020510b xxu||||| |||| 00| 0 eng d
020 _a978-0-330-50943-5
040 _aG.U
_cT.O.D
_dG.U
082 _a303.34 ADA
245 _aEffective strategic leadership :
_bThe complete guide to strategic management /
_cAdair, John
260 _aLondon ; Basingstokes ; Oxford :
_bPan books,
_cc2010
300 _axi, 211 p. :
_c20 cm.
_eincludes indexes
650 _vleadership
942 _2ddc
_cBOOK
999 _c2222
_d2222